000 00656nam a22001697a 4500
020 _qHard Cover.
082 _a620.1
100 _aBashir, Nauman
245 _aDesign and Development of Experimental Hardware in Loop Model for the Study of Induced Vibration in Tall Structure with Active Control
_cNauman Bashir.
260 _aIslamabad:
_bSMME - NUST,
_c2016.
300 _a51 p.: ill.;
_c30cm.
650 _aMechanical Engineering MS-Thesis.
_916090
700 _aSupervisor : Dr. Mohsin Jamil
_9120101
856 _u http://10.250.8.41:8080/xmlui/handle/123456789/12760
942 _2ddc
_cTHE
999 _c529381
_d529381